000 00821cam a22002651 4500
001 16977
003 BD-RjUL
005 20211209000055.0
008 140216s1948 nyu 000 0 eng
035 _a(BD-RjUL)17033
035 _a(OCoLC)1484724
040 _aDLC
_cFJ
_dFTaSU
_dDLC
_dBD-RjUL
_beng
041 _aeng
082 0 0 _a796.082
_bSPO 1948
245 1 0 _aSport's golden age :
_bA close-up of the fabulous twenties /
_ced. by Allison Danzig and Peter Brandwein; foreword by John Kieran.
250 _a[1st ed.]
260 _aNew York :
_bHarper,
_c1948.
300 _axii, 296 p. :
_billus., ports. ;
_c22 cm.
650 0 _aSports
_xHistory.
_950723
700 1 _aDanzig, Allison,
_952387
700 1 _aBrandwein, Peter,
_ejoint ed.
_952388
942 _2ddc
_cBK
999 _c16977
_d16977